Pięć największych grup imigrantów według państwa #1 - Statystyki

Ogólne statystyki
  • Ten quiz został rozwiązany 3 173 razy
  • Średni wynik to 25 z 35
Statystyki odpowiedzi
Ranking Państwo % Poprawnych
Niemcy, Wielka Brytania Polska
98%
Stany Zjednoczone Meksyk
95%
Stany Zjednoczone, Australia, Wielka Brytania, Bahrajn Indie
92%
Rosja Ukraina
90%
Stany Zjednoczone, Australia Chiny
89%
Szwajcaria, Wielka Brytania Niemcy
89%
Brazylia Japonia
88%
Szwajcaria, Francja, Brazylia Włochy
85%
Niemcy Turcja
84%
Szwajcaria Francja
81%
Rosja, Niemcy Kazachstan
80%
Niemcy Rosja
79%
Francja Algieria
78%
Rosja Białoruś
78%
Chiny Korea Południowa
78%
Wielka Brytania, Bahrajn Pakistan
78%
Francja Maroko
77%
Australia Wielka Brytania
75%
Chiny Indonezja
74%
Bahrajn Egipt
70%
Stany Zjednoczone, Australia Wietnam
69%
Australia Nowa Zelandia
68%
Wielka Brytania Irlandia
67%
Szwajcaria, Francja, Brazylia Portugalia
65%
Niemcy Syria
65%
Chiny Brazylia
63%
Francja Tunezja
58%
Stany Zjednoczone, Chiny, Bahrajn Filipiny
57%
Bahrajn Bangladesz
55%
Chiny Tajwan
52%
Rosja Uzbekistan
52%
Brazylia Boliwia
45%
Brazylia Paragwaj
42%
Szwajcaria Serbia
39%
Rosja Azerbejdżan
38%
Nie znaleziono quizów pasujących do podanych kryteriów
Rozkład punktacji
Procent ludzi z każdym wynikiem
Percentyl według liczby udzielonych odpowiedzi
Twoja historia wyników
Nie rozwiązałeś tego quizu